书目信息 |
| 题名: |
Visual FoxPro数据库程序设计教程
|
|
| 作者: | 王学平 主编 | |
| 分册: | ||
| 出版信息: | 北京 科学出版社 2005.01 |
|
| 页数: | 434页 | |
| 开本: | 24cm | |
| 丛书名: | 21世纪高等院校教材 | |
| 单 册: | ||
| 中图分类: | TP311.138FO , TP311.138 | |
| 科图分类: | ||
| 主题词: | 软件 , 关系数据库--数据库管理系统--程序设计--高等学校--教材 | |
| 电子资源: | ||
| ISBN: | 7-03-014844-4 | |
| 000 | 01165nam 2200289 450 | |
| 001 | 0142162109 | |
| 005 | 20051207081234.03 | |
| 010 | @a7-03-014844-4@dCNY33.00 | |
| 100 | @a20050502d2005 km y0chiy0120 ea | |
| 101 | 0 | @achi |
| 102 | @aCN@b110000 | |
| 105 | @aa a 000yy | |
| 200 | 1 | @aVisual FoxPro数据库程序设计教程@AVisual FoxPro shu ju ku cheng xu she ji jiao cheng@f王学平主编@Fwang xue ping zhu bian |
| 210 | @a北京@c科学出版社@d2005.01 | |
| 215 | @a434页@c图@d24cm | |
| 225 | 2 | @a21世纪高等院校教材@A21 shi ji gao deng yuan xiao jiao cai |
| 320 | @a有书目 (第404页)。 | |
| 330 | @a本书以Visual Foxpro6.0为基础,系统介绍了Visual Foxpro数据库程序设计语言的主要内容,包括数据库的基础知识、面向对象程序设计的基本概念、Visual Foxpro的特点与组成元素、数据库和视图的操作、结构化查询语言SQL的使用、菜单设计及应用系统的集成技术等内容。 | |
| 410 | 0 | @12001 @a21世纪高等院校教材 |
| 606 | 0 | @a软件 |
| 606 | 0 | @a关系数据库@x数据库管理系统@x程序设计@x高等学校@x教材 |
| 610 | 0 | @aVisual FoxPro |
| 690 | @aTP311.138FO@v4 | |
| 690 | @aTP311.138@v4 | |
| 701 | 0 | @a王学平@Awang xue ping@4主编 |
| 801 | 0 | @aCN@bQSSK@c20051207 |
| 905 | @dTP311.138FO@eW404 | |
| Visual FoxPro数据库程序设计教程/王学平主编.-北京:科学出版社,2005.01 |
| 434页:图;24cm.-(21世纪高等院校教材) |
| ISBN 7-03-014844-4:CNY33.00 |
| 本书以Visual Foxpro6.0为基础,系统介绍了Visual Foxpro数据库程序设计语言的主要内容,包括数据库的基础知识、面向对象程序设计的基本概念、Visual Foxpro的特点与组成元素、数据库和视图的操作、结构化查询语言SQL的使用、菜单设计及应用系统的集成技术等内容。 |
| ● |
| 相关链接 |
|
|
|
正题名:Visual FoxPro数据库程序设计教程
索取号:TP311.138FO/W404
 
预约/预借
| 序号 | 登录号 | 条形码 | 馆藏地/架位号 | 状态 | 备注 |
| 1 | 498979 | 204989799 | 期刊室512/301自科库 72排1列4层/ [索取号:TP311.138FO/W404] | 在馆 | |
| 2 | 498980 | 204989806 | 自科二线404/404自科库 10排1列3层/ [索取号:TP311.138FO/W404] | 在馆 | |
| 3 | 498981 | 204989815 | 期刊室512/301自科库 42排2列3层/ [索取号:TP311.138FO/W404] | 在馆 | |
| 4 | 545797 | 205457977 | 期刊室512/301自科库 71排2列4层/ [索取号:TP311.138FO/W404] | 在馆 | |
| 5 | 545798 | 205457986 | 自科二线404/301自科库 46排5列3层/ [索取号:TP311.138FO/W404] | 在馆 | |
| 6 | 545799 | 205457995 | 期刊室512/301自科库 71排2列4层/ [索取号:TP311.138FO/W404] | 在馆 |